<?xml version="1.0" encoding="UTF-8"?>
<record
    xmlns:xsi="http://www.w3.org/2001/XMLSchema-instance"
    xsi:schemaLocation="http://www.loc.gov/MARC21/slim http://www.loc.gov/standards/marcxml/schema/MARC21slim.xsd"
    xmlns="http://www.loc.gov/MARC21/slim">

  <leader>00754cam a2200229 i 4500</leader>
  <controlfield tag="001"> 83255</controlfield>
  <controlfield tag="003">BD-RjUL</controlfield>
  <controlfield tag="005">20240324141356.0</controlfield>
  <controlfield tag="008">240306s1988    ii            000 0durd  </controlfield>
  <datafield tag="035" ind1=" " ind2=" ">
    <subfield code="a">(BD-RjUL) 83255</subfield>
  </datafield>
  <datafield tag="040" ind1=" " ind2=" ">
    <subfield code="a">DLC</subfield>
    <subfield code="b">eng</subfield>
    <subfield code="e">rda</subfield>
    <subfield code="c">DLC</subfield>
  </datafield>
  <datafield tag="041" ind1=" " ind2=" ">
    <subfield code="a">urd</subfield>
  </datafield>
  <datafield tag="082" ind1=" " ind2=" ">
    <subfield code="2">23</subfield>
    <subfield code="a">891.43909</subfield>
    <subfield code="b">GHI 1988</subfield>
  </datafield>
  <datafield tag="100" ind1="1" ind2=" ">
    <subfield code="a">Ghalib, Mirza Asadullah Khan,</subfield>
    <subfield code="d">1797-1869,</subfield>
    <subfield code="e">author.</subfield>
  </datafield>
  <datafield tag="245" ind1="1" ind2="0">
    <subfield code="a">&#x200F;&#x627;&#x646;&#x62A;&#x62E;&#x627;&#x628; &#x62E;&#x637;&#x648;&#x637; &#x63A;&#x627;&#x644;&#x628; ;; Intik&#x332;h&#x332;&#x101;b-i k&#x332;h&#x332;&#x16B;t&#x324;ut&#x324;-i G&#x332;h&#x332;alib /</subfield>
    <subfield code="c">murattabah,Mahmud Elahi</subfield>
  </datafield>
  <datafield tag="264" ind1=" " ind2="1">
    <subfield code="a">Lakhnwu :</subfield>
    <subfield code="b">Uttar prodesh urdu ekademy,</subfield>
    <subfield code="c">1988</subfield>
  </datafield>
  <datafield tag="300" ind1=" " ind2=" ">
    <subfield code="a">91 pages ;</subfield>
    <subfield code="c">22 cm</subfield>
  </datafield>
  <datafield tag="600" ind1="1" ind2="0">
    <subfield code="a">Ghalib, Mirza Asadullah Khan,</subfield>
    <subfield code="d">1797-1869</subfield>
  </datafield>
  <datafield tag="650" ind1=" " ind2="0">
    <subfield code="a">Poets, Urdu</subfield>
    <subfield code="y">19th century</subfield>
    <subfield code="v">Correspondence.</subfield>
    <subfield code="9">3818</subfield>
  </datafield>
  <datafield tag="942" ind1=" " ind2=" ">
    <subfield code="2">ddc</subfield>
    <subfield code="c">BK</subfield>
  </datafield>
  <datafield tag="999" ind1=" " ind2=" ">
    <subfield code="c">83255</subfield>
    <subfield code="d">83255</subfield>
  </datafield>
  <datafield tag="952" ind1=" " ind2=" ">
    <subfield code="0">0</subfield>
    <subfield code="1">0</subfield>
    <subfield code="2">ddc</subfield>
    <subfield code="4">0</subfield>
    <subfield code="7">1</subfield>
    <subfield code="8">NFIC</subfield>
    <subfield code="a">RUCL</subfield>
    <subfield code="b">RUCL</subfield>
    <subfield code="c">Reading</subfield>
    <subfield code="d">1989-08-08</subfield>
    <subfield code="e">Karim International</subfield>
    <subfield code="g">3.00</subfield>
    <subfield code="l">0</subfield>
    <subfield code="o">U 891.43909 GHI 1988</subfield>
    <subfield code="r">2024-03-06 00:00:00</subfield>
    <subfield code="t">C-1</subfield>
    <subfield code="w">2024-03-06</subfield>
    <subfield code="y">BK</subfield>
  </datafield>
  <datafield tag="952" ind1=" " ind2=" ">
    <subfield code="0">0</subfield>
    <subfield code="1">0</subfield>
    <subfield code="2">ddc</subfield>
    <subfield code="4">0</subfield>
    <subfield code="7">0</subfield>
    <subfield code="8">NFIC</subfield>
    <subfield code="a">RUCL</subfield>
    <subfield code="b">RUCL</subfield>
    <subfield code="c">GEN</subfield>
    <subfield code="d">1989-08-08</subfield>
    <subfield code="e">Karim International</subfield>
    <subfield code="g">3.00</subfield>
    <subfield code="o">U 891.43909 GHI 1988</subfield>
    <subfield code="r">2024-03-24 00:00:00</subfield>
    <subfield code="t">C-2</subfield>
    <subfield code="y">BK</subfield>
  </datafield>
  <datafield tag="952" ind1=" " ind2=" ">
    <subfield code="0">0</subfield>
    <subfield code="1">0</subfield>
    <subfield code="2">ddc</subfield>
    <subfield code="4">0</subfield>
    <subfield code="7">0</subfield>
    <subfield code="8">NFIC</subfield>
    <subfield code="a">RUCL</subfield>
    <subfield code="b">RUCL</subfield>
    <subfield code="c">GEN</subfield>
    <subfield code="d">1985-08-08</subfield>
    <subfield code="e">Karim International</subfield>
    <subfield code="l">0</subfield>
    <subfield code="o">U 891.43909 GHI 1988</subfield>
    <subfield code="r">2025-08-07 00:00:00</subfield>
    <subfield code="t">C-3</subfield>
    <subfield code="w">2025-08-07</subfield>
    <subfield code="y">BK</subfield>
  </datafield>
  <datafield tag="952" ind1=" " ind2=" ">
    <subfield code="0">0</subfield>
    <subfield code="1">0</subfield>
    <subfield code="2">ddc</subfield>
    <subfield code="4">0</subfield>
    <subfield code="7">0</subfield>
    <subfield code="8">NFIC</subfield>
    <subfield code="a">RUCL</subfield>
    <subfield code="b">RUCL</subfield>
    <subfield code="c">GEN</subfield>
    <subfield code="d">1989-08-06</subfield>
    <subfield code="e">Karim International Dhaka</subfield>
    <subfield code="g">3.00</subfield>
    <subfield code="l">0</subfield>
    <subfield code="o">U 891.43909 GHI 1988</subfield>
    <subfield code="r">2025-10-07 00:00:00</subfield>
    <subfield code="t">C-4</subfield>
    <subfield code="w">2025-10-07</subfield>
    <subfield code="y">BK</subfield>
  </datafield>
</record>
